Chanteurs/euses français/es (part. 3) - Statistiques

Statistiques générales
  • Ce quiz a été pris 525 fois
  • Le résultat moyen est 17 sur 30
Statistiques - réponses
Hint Réponse % Correct
- Donne-moi ton cœur- Jour 1 - Maman - Secret Louane
88%
- Jolie nana - Pookie - Copines - Plus jamais Aya Nakamura
87%
- Dernière danse- Love Story - Tourner dans le vide - S.O.S Indila
87%
- Le lac- Paris-Seychelles - Les limites - Coco Câline Julien Doré
85%
- Si maman si- Il jouait du piano debout - Évidemment - Debranche France Gall
83%
- Je l'aime à mourir- La Corrida - Je t’aimais, Je t’aime, Je t’aimerai - Petite Marie Francis Cabrel
80%
- Elle a les yeux revolver- Le parking des anges - Dis-moi que l’amour - Toi mon amour Marc Lavoine
77%
- Ça c’est vraiment toi- Cendrillon - New-York avec toi - Un autre monde Téléphone
77%
- Savoir aimer- Ma liberté de penser - Le soldat - Les murs porteurs Florent Pagny
76%
- Marchand de sable- Ramenez la coupe à la maison - C’est mon année - Tu m’as menti Vegedream
73%
- Je m’en vais- Je suis fou - Pas là - Dumbo Vianney
71%
- Ta marinière- Amour censure - Mauvais rêve - Et même après je t’aimerai Hoshi
70%
- Lucie- Fan - Tombé pour elle - Personne Pascal Obispo
65%
- Le Banana Split- Amoureux solitaires - Fallait pas commencer - Seules les filles pleurent Lio
62%
- On ira- Je veux - Tous les cris les SOS - Si jamais j'oublie Zaz
61%
- J'ai cherché- États d’amour - On dirait - La fête Amir / Amir Haddad
56%
- Coups et blessures- Bye bye - Stéréo - Dis-moi BB Brunes
55%
- Humanoïde - Risibles amours - On verra - Dans l’univers Nekfeu
55%
- La Javanaise - Le Poinçonneur des Lilas - Je t’aime… moi non plus - Bonnie and Clyde Serge Gainsbourg
55%
- Love Me, Please Love Me- On ira tous au paradis - Dans la maison vide - Tous les bateaux, tous les oiseaux Michel Polnareff
51%
- Mesdames- Roméo kiffe Juliette - Derrière le brouillard - Mais je t’aime Grand Corps Malade
50%
- Mon mec à moi- Quand Jimmy dit - D'Allemagne - Vénus des abribus Patricia Kaas
48%
- Le temps de l'amour- Mon amie la rose - Tous les garçons et les filles - Françoise Françoise Hardy
46%
- Là c’est die- Porto Rico - Pardon - Je m’en fous Ridsa
45%
- Vertige de l’amour- La nuit je mens - Gaby Oh Gaby - Ma petite entreprise Alain Bashung
40%
- Ça ira- Pas besoin de toi - Le bonheur - Les p’tites jolies choses Joyce Jonathan
33%
- Position- My Salsa - C'est plus l'heure - Louis Baby Franglish
25%
- Jodie- Un monde parfait - L'Autre Finistère - Dentelle Les Innocents
21%
- Ces idées-là- Le film de ma vie - Je joue - Vas-y guitare Louis Bertignac
11%
- Quelque chose de magique- Si je te promets - J’attends encore - Quoi de neuf ? Florent Mothe
7%
Aucun quiz correspondant
Distribution des résultats
% des personnes avec chaque résultat
Percentile par nombre de réponses
Votre historique - résultats
Vous n’avez pas pris ce quiz